Hóa học hữu cơ

Cuốn sách " Hóa học hữu cơ 1" gồm 7 chương, trong đó các chương I,II đề cập những vấn đề về cấu trúc phân tử hữu cơ, bản chất, đặc điểm và sự biến đổi liên kết trong hợp chất hữu cơ ở trạng thái tĩnh cũng như khi tham gia...

Fuld beskrivelse

Đã lưu trong:
Bibliografiske detaljer
Hovedforfatter: Nguyễn, Hữu Đĩnh
Format: Bog
Sprog:Undetermined
Udgivet: Hà Nội Giáo dục 2007
Fag:
Tags: Tilføj Tag
Ingen Tags, Vær først til at tagge denne postø!
Thư viện lưu trữ: Trung tâm Học liệu Trường Đại học Cần Thơ
LEADER 01532nam a2200205Ia 4500
001 CTU_132231
008 210402s9999 xx 000 0 und d
020 |c 45500 
082 |a 547 
082 |b R106/T.1 
100 |a Nguyễn, Hữu Đĩnh 
245 0 |a Hóa học hữu cơ 
245 0 |c Nguyễn Hữu Đĩnh chủ biên, Đỗ Đình Rãng 
260 |a Hà Nội 
260 |b Giáo dục 
260 |c 2007 
520 |a Cuốn sách " Hóa học hữu cơ 1" gồm 7 chương, trong đó các chương I,II đề cập những vấn đề về cấu trúc phân tử hữu cơ, bản chất, đặc điểm và sự biến đổi liên kết trong hợp chất hữu cơ ở trạng thái tĩnh cũng như khi tham gia phản ứng hóa học. Chương III, giới thiệu 4 phương pháp phổ dụng trong hóa học hữu cơ là phổ tử ngoại - khả biến, phổ hồng ngoại, phổ cộng hưởng từ hạt nhân và phổ khối lượng . Các chương IV, V và VI trình bày cấu trúc, đồng phân, danh pháp, tính chất, phương pháp điều chế và ứng dụng của ankan, xicloankan. Chương VII, giới thiệu các nguồn hiđrocacbon trong thiên nhiên... 
650 |a Chemistry, organic,Hóa học hữu cơ 
904 |i Trọng Hải 
980 |a Trung tâm Học liệu Trường Đại học Cần Thơ